Online
Catalog

Casi de ayer. (Record no. 32380)

MARC details
000 -CABECERA
campo de control de longitud fija 00411nam a2200157 a 4500
001 - NÚMERO DE CONTROL
campo de control 000032889
005 - FECHA Y HORA DE LA ÚLTIMA TRANSACCIÓN
campo de control 20240305103442.0
008 - DATOS DE LONGITUD FIJA--INFORMACIÓN GENERAL
campo de control de longitud fija 110801s1952 mx 000 0 spa d
040 ## - FUENTE DE LA CATALOGACIÓN
Centro catalogador/agencia de origen DO-SdBNP
Lengua de catalogación spa
Centro/agencia transcriptor BNPHU
082 ## - NÚMERO DE LA CLASIFICACIÓN DECIMAL DEWEY
Número de clasificación xxx
Número de documento/Ítem I37
049 ## - FONDOS LOCALES (OCLC)
Fondos de biblioteca BNPD
100 1# - ENTRADA PRINCIPAL--NOMBRE DE PERSONA
Nombre de persona Incháustegui Cabral, Héctor,
Fechas asociadas al nombre 1912-1979
9 (RLIN) 21024
245 10 - MENCIÓN DE TÍTULO
Título Casi de ayer.
260 ## - PUBLICACIÓN, DISTRIBUCIÓN, ETC.
Lugar de publicación, distribución, etc. México :
Nombre del editor, distribuidor, etc. Stylo,
Fecha de publicación, distribución, etc. 1952.
300 ## - DESCRIPCIÓN FÍSICA
Extensión 130 p. :
Otras características físicas 25 cm.
Holdings
Estado de retiro Estado de pérdida Restricciones de uso No para préstamo Código de colección Localización permanente Ubicación/localización actual Ubicación en estantería Fecha de adquisición Número de inventario Total de préstamos Signatura topográfica completa Código de barras Fecha visto por última vez Número de copia Precio válido a partir de Tipo de ítem Koha Nota pública
      Excluido de préstamo Monografías: Libros y Folletos Patrimonio Dominicano Patrimonio Dominicano Depósito 24.10.2013 LF1   xxx I37 32889-20 25.06.2020 e. 2 25.06.2020 No se presta  
        Monografías: Libros y Folletos Patrimonio Dominicano Patrimonio Dominicano Depósito 24.10.2013 LF1   xxx I37 32889-30 25.06.2020 e. 3 25.06.2020 Préstamo en sala  
        Monografías: Libros y Folletos Patrimonio Dominicano Patrimonio Dominicano Depósito 24.10.2013 LF1   xxx I37 32889-40 25.06.2020 e. 4 25.06.2020 Préstamo en sala  
      Excluido de préstamo Raros y valiosos Patrimonio Dominicano Patrimonio Dominicano Depósito 01.08.2011 LF1   xxx I37 32889-10 25.06.2020   25.06.2020 No se presta Perteneció a la biblioteca personal de Julio Ortega Frier

Powered by Koha